Amérique latine: les surprises de la démocratie /

Na minha lista:
Detalhes bibliográficos
Autor principal: Couffignal, Georges
Outros Autores: dir
Formato: Texto
Assuntos:
Tags: Adicionar Tag
Sem tags, seja o primeiro a adicionar uma tag!

MARC

LEADER 00000 a a2200000 04500
001 37330
003
040 |a CRAI/IIS  |c CRAI/IIS 
090 |a 0002 A512a  
100 |a Couffignal, Georges  
245 |a Amérique latine: les surprises de la démocratie /  |c Georges Couffignal  
300 |a 206 p.  
650 |a ENERGIA  
650 |a PETROLEO  
650 |a ECONOMIA  
650 |a VENEZUELA  
650 |a MEXICO  
700 |a dir.  
999 |c 6976  |d 6976